02043aab a2200205 i 4500001001000000003001000010005001700020008004100037040004100078041000800119100003100127245009400158300006300252520136600315650001801681773010101699942000801800945001201808999001701820768714001CO-MdFUSB20250305123848.0170818s1989 cr ||||| |||| 00| 0 spa d aCO-MdFUSBbspacCO-MdFUSBdCO-MdFUSB aspa1 aBaxter, Ern (-1993)eautor10aToda rodilla se doblará : b¿qué dice Dios de discipular las naciones?c/ Ern Baxter aVolumen 1. Número 12 (1989), páginas 218-222c: 28 cm. aEl texto reflexiona sobre el papel de la comunidad cristiana en el gobierno de las naciones según el plan de Dios. A partir de las escrituras de Filipenses 2:10-11, Isaías 45:22-23, y Hechos 17:26, se aborda la idea de que Dios ha creado las naciones con un propósito y que, aunque algunas naciones se aparten temporalmente de Su voluntad, todas están bajo Su soberanía. Dios eligió a Israel para ser Su instrumento en la tierra, y los cristianos son parte de una comunidad profética encargada de llevar la verdad y la salvación a las naciones. El autor subraya la importancia de ver el mundo desde una perspectiva bíblica, proclamando la verdad de Cristo en todas las áreas de la vida (política, economía, educación), y orando por los líderes y las naciones. El destino final de las naciones es rendirse ante el señorío de Jesucristo, lo cual se concretará al final de los tiempos. Los cristianos tienen la responsabilidad de llevar este mensaje de esperanza y redención, actuando como una comunidad que, con fe y obediencia, moldeará la historia bajo la dirección de Dios. Se hace un llamado a la acción, invitando a los creyentes a unirse en oración y a trabajar por la unidad, redención y restauración de las naciones, reconociendo que la voluntad de Dios es que todas las naciones se sometan a Su autoridad. 0aMisiones91540 tConquista Cristiana049446960364gVolumen 1. Número 12 (1989), páginas 218-222qPágina 18 cANA aJTF-925 c50385d50385